<?xml version="1.0" encoding="UTF-8"?>
<record
    xmlns:xsi="http://www.w3.org/2001/XMLSchema-instance"
    xsi:schemaLocation="http://www.loc.gov/MARC21/slim http://www.loc.gov/standards/marcxml/schema/MARC21slim.xsd"
    xmlns="http://www.loc.gov/MARC21/slim">

  <leader>     nam a22     7a 4500</leader>
  <datafield tag="999" ind1=" " ind2=" ">
    <subfield code="c">336702</subfield>
    <subfield code="d">336702</subfield>
  </datafield>
  <controlfield tag="003">IT-MiCISF</controlfield>
  <controlfield tag="005">20170531143236.0</controlfield>
  <controlfield tag="008">170531b        xxu||||| |||| 00| 0 eng d</controlfield>
  <datafield tag="040" ind1=" " ind2=" ">
    <subfield code="c">IT-MiCISF</subfield>
  </datafield>
  <datafield tag="041" ind1=" " ind2=" ">
    <subfield code="a">it</subfield>
  </datafield>
  <datafield tag="100" ind1=" " ind2=" ">
    <subfield code="a">Colapinto John</subfield>
    <subfield code="9">56500</subfield>
  </datafield>
  <datafield tag="245" ind1=" " ind2=" ">
    <subfield code="a">Bruce, Brenda e David</subfield>
    <subfield code="b">Il ragazzo che fu cresciuto come una ragazza</subfield>
  </datafield>
  <datafield tag="260" ind1=" " ind2=" ">
    <subfield code="a">Cinisello B. (MI)</subfield>
    <subfield code="b">San Paolo</subfield>
    <subfield code="c">2014</subfield>
  </datafield>
  <datafield tag="300" ind1=" " ind2=" ">
    <subfield code="a">pp. 350</subfield>
  </datafield>
  <datafield tag="500" ind1=" " ind2=" ">
    <subfield code="a">differenza-sessuale, societ&#xE0;, esperienze</subfield>
  </datafield>
  <datafield tag="520" ind1=" " ind2=" ">
    <subfield code="a">Il libro presenta la storia vera di David Reimer, nato maschio con il nome di Bruce, e diventato Brenda all'et&#xE0; di due anni quando, dopo una circoncisione sbagliata, i medici propongono ai genitori di reindirizzarlo verso un'esistenza da femmina, attraverso la chirurgia, i farmaci e l'educazione. Un libro inchiesta sulla tormentata esistenza del ragazzo, il cui caso clinico - presentato per decenni come un successo della scienza - sta alla base delle scelte di "reindirizzamento". Brenda, ben lontana dal sentirsi femmina, si ribeller&#xE0; a questa scelta prendendo il nome di David e morir&#xE0; suicida nel 2004. Un libro frutto di un'accurata indagine giornalistica, che mette in luce da un lato il dramma umano del protagonista, dall'altro l'assurda superficialit&#xE0; di alcune teorie psichiatriche.</subfield>
  </datafield>
  <datafield tag="650" ind1=" " ind2=" ">
    <subfield code="a">sessualit&#xE0;</subfield>
    <subfield code="9">56091</subfield>
  </datafield>
  <datafield tag="654" ind1=" " ind2=" ">
    <subfield code="a">saggio</subfield>
  </datafield>
  <datafield tag="942" ind1=" " ind2=" ">
    <subfield code="2">ddc</subfield>
    <subfield code="c">BK</subfield>
  </datafield>
  <datafield tag="952" ind1=" " ind2=" ">
    <subfield code="0">0</subfield>
    <subfield code="1">0</subfield>
    <subfield code="2">ddc</subfield>
    <subfield code="4">0</subfield>
    <subfield code="6">B_7354_000000000000000</subfield>
    <subfield code="7">1</subfield>
    <subfield code="a">CISF</subfield>
    <subfield code="b">CISF</subfield>
    <subfield code="d">2017-05-31</subfield>
    <subfield code="l">0</subfield>
    <subfield code="o">b7354</subfield>
    <subfield code="p">9788821591488</subfield>
    <subfield code="r">2017-05-31 00:00:00</subfield>
    <subfield code="w">2017-05-31</subfield>
    <subfield code="y">BK</subfield>
  </datafield>
</record>
